Catalogue of Canadian recent mammals. (Record no. 52789)

MARC details
000 -LEADER
fixed length control field 00843cam a22002531 4500
001 - CONTROL NUMBER
control field s 48000007
003 - CONTROL NUMBER IDENTIFIER
control field DLC
005 - DATE AND TIME OF LATEST TRANSACTION
control field 20260227111912.0
008 - FIXED-LENGTH DATA ELEMENTS--GENERAL INFORMATION
fixed length control field 751112s1946 onc 000 0 eng
010 ## - LIBRARY OF CONGRESS CONTROL NUMBER
LC control number s 48000007
035 ## - SYSTEM CONTROL NUMBER
System control number (OCoLC)1829643
040 ## - CATALOGING SOURCE
Original cataloging agency DLC
Transcribing agency DGW
Modifying agency OCoLC
-- DLC
050 00 - LIBRARY OF CONGRESS CALL NUMBER
Classification number QH1
Item number .C13 no. 102
051 ## - LIBRARY OF CONGRESS COPY, ISSUE, OFFPRINT STATEMENT
Classification number QL721
Item number .A57
082 ## - DEWEY DECIMAL CLASSIFICATION NUMBER
Classification number 599
100 1# - MAIN ENTRY--PERSONAL NAME
Personal name Anderson, Rudolph Martin,
Dates associated with a name 1876-1961.
245 10 - TITLE STATEMENT
Title Catalogue of Canadian recent mammals.
260 ## - PUBLICATION, DISTRIBUTION, ETC.
Place of publication, distribution, etc. Ottawa,
Name of publisher, distributor, etc. E. Cloutier, Kings's Printer,
Date of publication, distribution, etc. 1946.
300 ## - PHYSICAL DESCRIPTION
Extent v, 238 p.
Other physical details map.
Dimensions 25 cm.
490 1# - SERIES STATEMENT
Series statement Canada. National Museum, Ottawa. Bulletin
Volume/sequential designation no. 102.
Series statement Biological series,
Volume/sequential designation no. 31
650 #0 - SUBJECT ADDED ENTRY--TOPICAL TERM
Topical term or geographic name entry element Mammals
Geographic subdivision Canada.
830 #0 - SERIES ADDED ENTRY--UNIFORM TITLE
Uniform title Bulletin (National Museum of Canada),
Volume/sequential designation no. 102.
830 #0 - SERIES ADDED ENTRY--UNIFORM TITLE
Uniform title Bulletin (National Museum of Canada).
Name of part/section of a work Biological series,
Volume/sequential designation no. 31.

No items available.

Powered by Koha